000 00680nam a22001937a 4500
005 20251108165523.0
008 250721s1983 xx 000 0 ara d
082 1 4 _aم/413/عكب
100 1 _aالعكبري، محب الدين أبو البقاء عبد الله بن الحسين
245 1 0 _aالمشوف المعلم في ترتيب الإصلاح على حروف المعجم /
264 1 _aأم القرى :
_c1983.
300 _a
490 0 _aمن التراث الإسلامي ؛ 27
650 1 7 _aاللغة العربية
650 1 7 _aالقواميس
700 1 _aالسواس، ياسين محمد
_eتحقيق
942 _2ddc
_cREF
999 _c29855
_d29855